[Event "Attica-ch U14 Girls"]
[Site "Athens"]
[Date "2008.01.04"]
[Round "3"]
[White "Roussi, Ioanna"]
[Black "Fragkou, Eleni"]
[Result "0-1"]
[WhiteElo "1000"]
[BlackElo "1495"]
[PlyCount "76"]
[EventDate "2008.01.02"]
[EventType "swiss"]
[EventRounds "7"]
[EventCountry "GRE"]
[SourceTitle "EXT 2011"]
[Source "ChessBase"]
[SourceDate "2010.11.26"]
[SourceVersion "1"]
[SourceVersionDate "2010.11.26"]
[SourceQuality "1"]

1. e4 c5 2. Nf3 g6 3. d4 cxd4 4. Nxd4 Nf6 5. Nc3 Nc6 6. e5 Nxe5 7. Bb5 a6 8. Ba4 b5 9. Bb3 Bb7 10. Bf4 Nc6 11. Nd5 Nxd5 12. Bxd5 Bg7 13. c3 0-0 14. Qe2 Nxd4 15. cxd4 Bxd5 16. 0-0 Bc4 17. Qg4 Bxf1 18. Rxf1 Bxd4 19. Bh6 Bg7 20. Bg5 h6 21. Bf4 d6 22. Rd1 Qc8 23. Qh3 Qxh3 24. gxh3 Rac8 25. h4 Rc2 26. Re1 Rxb2 27. Rxe7 Rxa2 28. Bxd6 Rd8 29. Bc7 Rc8 30. Bd6 Bf6 31. Rb7 Bxh4 32. Kg2 Rxf2+ 33. Kh3 g5 34. Kg4 Rc4+ 35. Kh5 Kh7 36. Be5 Bg3 37. Bxg3 Rxh2+ 38. Bxh2 Rh4# 0-1